Nuevas recetas prácticas el artista de la cocina : volumen 23 : Pollo y otras carnes /

Guardado en:
Bibliografiske detaljer
Hovedforfatter: Ferguson, Clare (autor)
Andre forfattere: Inzunza, Angélica (adaptación y traducción) (adaptación y traducción)
Format: Bog
Sprog:spansk
Udgivet: México : Promotora Chapultepec : Omgsa, 1984, c1984
Tags: Tilføj Tag
Ingen Tags, Vær først til at tagge denne postø!

MARC

LEADER 00000nam^a2200000^a^4500
001 000586812
005 20250521000000.0
009 20260310132757.394
020 |a 968-431-004-8 
020 |a 968-431-000-5 
037 |a Acervo ITESO - Biblioteca 
041 |a ESP 
091 |a FCR. 00027 
100 |a Ferguson, Clare  |e (autor) 
245 1 0 |a Nuevas recetas prácticas el artista de la cocina :  |b volumen 23 : Pollo y otras carnes / 
264 4 |a México :  |b Promotora Chapultepec :  |b Omgsa,  |c 1984, c1984 
300 |a 95 p. 
336 |a texto  |b txt  |2 rdacontenido 
337 |a sin mediación  |b n  |2 rdamedio 
338 |a volumen  |b nc  |2 rdasoporte 
649 |a XX 
700 |a Inzunza, Angélica  |e (adaptación y traducción) 
910 |a Fondo Cristina Romo Gil 
920 |a Impresos - Libros 
930 |a Fondos Especiales 
905 |a 143 
901 |a 0900116375  |b IT2  |c ESP  |i D122979  |u 20250521 
902 |a https://opac.biblio.iteso.mx/vufind/Record/000586812